[Event "GBR-ch 50+ 106th"]
[Site "Torquay"]
[Date "2019.07.29"]
[Round "1"]
[White "Fallowfield, Nicholas"]
[Black "Brusey, Alan W"]
[Result "1-0"]
[WhiteElo "1872"]
[BlackElo "2054"]
[PlyCount "81"]
[EventDate "2019.07.29"]
[EventType "swiss"]
[EventRounds "7"]
[EventCountry "ENG"]
[SourceTitle "EXT 2020"]
[Source "ChessBase"]
[SourceDate "2019.10.17"]
[SourceVersion "1"]
[SourceVersionDate "2019.10.17"]
[SourceQuality "1"]

1. Nf3 d5 2. c4 c6 3. g3 Nf6 4. Bg2 Bf5 5. cxd5 cxd5 6. Qb3 Qb6 7. Qxb6 axb6 8. Nc3 e6 9. Nb5 Na6 10. 0-0 Be7 11. d3 0-0 12. Bf4 Rfd8 13. Rfc1 Ne8 14. h3 h6 15. g4 Bh7 16. h4 Nb4 17. Bc7 Nxc7 18. Rxc7 Bf6 19. d4 Ra5 20. a4 Be4 21. g5 Bxf3 22. Bxf3 hxg5 23. hxg5 Bxg5 24. Rxb7 Rda8 25. Nd6 Nc2 26. Rd1 Rxa4 27. Nxf7 Bf6 28. e3 Ra1 29. Rxa1 Rxa1+ 30. Kh2 b5 31. Nd6 Ra6 32. Nxb5 Bh4 33. Nc7 Ra1 34. Nxe6 Rf1 35. Bxd5 Rxf2+ 36. Kh3 Bf6 37. Ng5+ Kf8 38. Rf7+ Ke8 39. Bc6+ Kd8 40. Ne6+ Kc8 41. Rf8+ 1-0

[Event "Frome op"]
[Site "Frome"]
[Date "2018.05.19"]
[Round "3"]
[White "Krzyzanowski, Patryk"]
[Black "Fallowfield, Nicholas"]
[Result "1/2-1/2"]
[WhiteElo "2079"]
[BlackElo "1908"]
[PlyCount "114"]
[EventDate "2018.05.18"]
[EventType "swiss"]
[EventRounds "5"]
[EventCountry "ENG"]
[SourceTitle "CBM 184 Extra"]
[Source "ChessBase"]
[SourceDate "2018.06.28"]
[SourceVersion "1"]
[SourceVersionDate "2018.06.28"]
[SourceQuality "1"]

1. d4 d5 2. c4 Nc6 3. cxd5 Qxd5 4. Nf3 e5 5. Nc3 Bb4 6. Bd2 Bxc3 7. Bxc3 e4 8. Ne5 Nxe5 9. dxe5 Qxd1+ 10. Rxd1 Be6 11. b3 Ne7 12. Rd4 Nd5 13. Bd2 e3 14. fxe3 0-0-0 15. g3 Rd7 16. Bg2 Rhd8 17. 0-0 Ne7 18. Bc3 Nd5 19. Bd2 Ne7 20. Bb4 Nd5 21. Bxd5 Rxd5 22. Rfd1 b6 23. R4d3 R8d7 24. Bc3 Rd8 25. Kf2 h5 26. e4 R5d7 27. Ke3 g6 28. Bb4 a5 29. Be7 Rxd3+ 30. exd3 Rd7 31. Bf6 c5 32. Rc1 Kb7 33. Kd2 a4 34. bxa4 Bxa2 35. Ke3 Be6 36. a5 Ka6 37. axb6 Kxb6 38. Rb1+ Kc6 39. Rb8 Rb7 40. Rd8 Rd7 41. Ra8 Rb7 42. Ra3 Rb3 43. Rxb3 Bxb3 44. Kf4 Be6 45. Be7 Kb5 46. Ke3 Kc6 47. Kd2 Kb5 48. Kc3 Ba2 49. Kd2 Be6 50. Ke3 Kc6 51. Kf4 Kb5 52. Kg5 Kc6 53. Kf6 Bb3 54. h3 Be6 55. Bd6 Bb3 56. g4 hxg4 57. hxg4 Be6 1/2-1/2

[Event "Crawley e2e4 Gatwick op U2050"]
[Site "Crawley"]
[Date "2016.05.28"]
[Round "2"]
[White "Fallowfield, Nicholas"]
[Black "Adlakha, Nitin"]
[Result "1-0"]
[WhiteElo "1915"]
[BlackElo "1758"]
[PlyCount "63"]
[EventDate "2016.05.27"]
[EventType "swiss"]
[EventRounds "7"]
[EventCountry "ENG"]
[SourceTitle "EXT 2019"]
[Source "ChessBase"]
[SourceDate "2018.10.10"]
[SourceVersion "1"]
[SourceVersionDate "2018.10.10"]
[SourceQuality "1"]

1. Nf3 Nf6 2. c4 g6 3. b4 Bg7 4. Bb2 0-0 5. g3 c6 6. Bg2 Qb6 7. a3 Ng4 8. c5 Bxb2 9. cxb6 Bxa1 10. Nc3 Bxc3 11. dxc3 axb6 12. Qc1 d5 13. 0-0 Bf5 14. h3 Nf6 15. c4 dxc4 16. Qxc4 Rxa3 17. Nd4 b5 18. Qc1 Ra4 19. Nxf5 gxf5 20. Qg5+ Kh8 21. Qxf5 Nbd7 22. g4 e6 23. Qd3 Rg8 24. f4 h6 25. Qc3 Kh7 26. Kh1 Rg6 27. f5 exf5 28. Rxf5 Ra8 29. e4 Rg5 30. Rxg5 hxg5 31. e5 Ng8 32. Qd3+ 1-0

[Event "Crawley e2e4 Gatwick op U2050"]
[Site "Crawley"]
[Date "2016.05.27"]
[Round "1"]
[White "Zhao, Haolin"]
[Black "Fallowfield, Nicholas"]
[Result "1/2-1/2"]
[WhiteElo "1635"]
[BlackElo "1915"]
[PlyCount "47"]
[EventDate "2016.05.27"]
[EventType "swiss"]
[EventRounds "7"]
[EventCountry "ENG"]
[SourceTitle "EXT 2019"]
[Source "ChessBase"]
[SourceDate "2018.10.10"]
[SourceVersion "1"]
[SourceVersionDate "2018.10.10"]
[SourceQuality "1"]

1. e4 Nf6 2. e5 Nd5 3. d4 d6 4. Nf3 dxe5 5. Nxe5 c6 6. Bc4 Nd7 7. Nc3 Nxe5 8. dxe5 Be6 9. Nxd5 Bxd5 10. Bxd5 Qxd5 11. Qxd5 cxd5 12. Be3 e6 13. c3 Be7 14. Ke2 Kd7 15. Rhd1 Rhc8 16. Rac1 Ke8 17. f3 b5 18. g4 Bc5 19. Bxc5 Rxc5 20. Rd4 Rac8 21. a3 Ke7 22. f4 Rc4 23. Rcd1 h5 24. g5 1/2-1/2

[Event "BCF-chT3Sb 1516 (4NCL)"]
[Site "England"]
[Date "2015.11.15"]
[Round "2.99"]
[White "Wright, Jonathan"]
[Black "Fallowfield, Nicholas"]
[Result "1/2-1/2"]
[WhiteElo "1923"]
[BlackElo "1917"]
[PlyCount "76"]
[EventDate "2015.11.14"]
[EventType "team-swiss"]
[EventRounds "7"]
[EventCountry "ENG"]
[SourceTitle "CBM 169 Extra"]
[Source "ChessBase"]
[SourceDate "2015.12.18"]
[SourceVersion "1"]
[SourceVersionDate "2015.12.18"]
[SourceQuality "1"]

1. e4 Nf6 2. e5 Nd5 3. d4 d6 4. Nf3 dxe5 5. Nxe5 c6 6. c3 Bf5 7. Qb3 Qb6 8. Bc4 Qxb3 9. Bxb3 e6 10. 0-0 Nd7 11. Nxd7 Kxd7 12. Bd2 Rd8 13. Na3 Bxa3 14. bxa3 Nb6 15. Rfe1 Bd3 16. Re3 Bc4 17. Rg3 Rhg8 18. Rc1 Kc8 19. a4 Rd5 20. Bh6 g6 21. Bg5 Kd7 22. h4 h5 23. Rb1 Kc8 24. Be7 Bxb3 25. axb3 e5 26. dxe5 Rxe5 27. Bg5 Nd5 28. c4 Ne7 29. Rd3 Rd8 30. Rbd1 Rxd3 31. Rxd3 Re6 32. g3 c5 33. Be3 b6 34. a5 Nc6 35. axb6 axb6 36. Kg2 Nb4 37. Rd2 Nc6 38. Rd3 Nb4 1/2-1/2

[Event "Sunningdale e2e4 op 04"]
[Site "Ascot"]
[Date "2014.04.20"]
[Round "7"]
[White "Kvisla, Johannes Luangtep"]
[Black "Fallowfield, Nicholas"]
[Result "1-0"]
[WhiteElo "2178"]
[BlackElo "2008"]
[PlyCount "87"]
[EventDate "2014.04.17"]
[EventType "swiss"]
[EventRounds "9"]
[EventCountry "ENG"]
[SourceTitle "CBM 159 Extra"]
[Source "ChessBase"]
[SourceDate "2014.04.24"]
[SourceVersion "1"]
[SourceVersionDate "2014.04.24"]
[SourceQuality "1"]

1. d4 d5 2. c4 Nc6 3. Nf3 Bg4 4. cxd5 Bxf3 5. gxf3 Qxd5 6. e3 e6 7. Nc3 Qh5 8. f4 Qxd1+ 9. Kxd1 0-0-0 10. Bg2 Nce7 11. Ke2 Nf6 12. Bd2 h6 13. Rac1 Nf5 14. Nb5 c6 15. Ba5 Rd7 16. Nxa7+ Kb8 17. Bxc6 Nxd4+ 18. exd4 bxc6 19. Nxc6+ Kb7 20. Rhd1 Nd5 21. Ne5 Re7 22. Kf3 g5 23. Rd3 Re8 24. Rb3+ Ka6 25. Bd2 Be7 26. Rc4 Nb6 27. Rc6 Bd8 28. Nc4 Kb7 29. Rcxb6+ Bxb6 30. Nxb6 Kc6 31. a4 Rb8 32. a5 Rhd8 33. Rc3+ Kb7 34. Be3 f6 35. b4 Ka6 36. Rc6 Kb5 37. Rxe6 gxf4 38. Kxf4 Rb7 39. d5 Kxb4 40. a6 Ra7 41. Nc8 Ra8 42. Ne7 Rd7 43. a7 Kc4 44. d6 1-0

[Event "Sunningdale e2e4 op 04"]
[Site "Ascot"]
[Date "2014.04.17"]
[Round "1"]
[White "Letreguilly, Olivier"]
[Black "Fallowfield, Nicholas"]
[Result "1-0"]
[WhiteElo "2342"]
[BlackElo "2008"]
[PlyCount "47"]
[EventDate "2014.04.17"]
[EventType "swiss"]
[EventRounds "9"]
[EventCountry "ENG"]
[SourceTitle "CBM 159 Extra"]
[Source "ChessBase"]
[SourceDate "2014.04.24"]
[SourceVersion "1"]
[SourceVersionDate "2014.04.24"]
[SourceQuality "1"]

1. Nf3 d5 2. c4 d4 3. b4 f6 4. Qa4+ Bd7 5. Qb3 e5 6. e3 c5 7. exd4 exd4 8. Bd3 Nc6 9. b5 Ne5 10. Be4 Bd6 11. 0-0 Qc7 12. Re1 Ne7 13. g3 0-0-0 14. a4 f5 15. Nxe5 Bxe5 16. Bg2 f4 17. a5 Qd6 18. a6 b6 19. Qf3 Rde8 20. Qa8+ Kc7 21. Qxa7+ Kd8 22. Qa8+ Kc7 23. Qb7+ Kd8 24. a7 1-0

[Event "Coventry e2e4 op"]
[Site "Coventry"]
[Date "2013.08.25"]
[Round "4"]
[White "Fallowfield, Nicholas"]
[Black "Slavin, Alexei"]
[Result "0-1"]
[WhiteElo "2025"]
[BlackElo "2362"]
[PlyCount "122"]
[EventDate "2013.08.23"]
[EventType "swiss"]
[EventRounds "7"]
[EventCountry "ENG"]
[SourceTitle "CBM 156 Extra"]
[Source "ChessBase"]
[SourceDate "2013.10.22"]
[SourceVersion "1"]
[SourceVersionDate "2013.10.22"]
[SourceQuality "1"]

1. Nf3 b6 2. e4 Bb7 3. Nc3 e6 4. d4 Bb4 5. Bd3 d6 6. 0-0 Nf6 7. Ne2 d5 8. e5 Ne4 9. c3 Be7 10. Ng3 Nxg3 11. fxg3 0-0 12. Qe2 a5 13. Be3 Ba6 14. h3 Bxd3 15. Qxd3 c5 16. Nh2 cxd4 17. cxd4 Nd7 18. Rac1 Rc8 19. Qb5 Rc7 20. Rxc7 Qxc7 21. Rc1 Qb7 22. Qc6 Rb8 23. Bd2 Nf8 24. Qxb7 Rxb7 25. Nf3 f6 26. Rc6 Kf7 27. Kf1 Nd7 28. Bf4 fxe5 29. Bxe5 a4 30. Ke2 b5 31. Kd3 Bd8 32. Rc8 Bf6 33. Rc6 Ra7 34. g4 h6 35. g3 a3 36. b3 Rb7 37. h4 b4 38. g5 hxg5 39. hxg5 Bxe5 40. dxe5 Ke7 41. Kd4 Nb8 42. Rc8 Nd7 43. Rc6 Rb8 44. Ne1 Rh8 45. Rc2 Rh5 46. Nd3 Rxg5 47. Rg2 Rg4+ 48. Ke3 Re4+ 49. Kf3 Nxe5+ 50. Nxe5 Rxe5 51. Rc2 g5 52. Rc7+ Kf6 53. Rb7 Re4 54. g4 Rf4+ 55. Kg3 Rd4 56. Kf3 Rd2 57. Rxb4 Rxa2 58. Ra4 Ra1 59. b4 a2 60. Kg2 d4 61. b5 d3 0-1

[Event "BCF-chT3 1011 (4NCL)"]
[Site "England"]
[Date "2011.03.26"]
[Round "7.32"]
[White "Fallowfield, Nicholas"]
[Black "Quinn, John M"]
[Result "0-1"]
[WhiteElo "2018"]
[BlackElo "2143"]
[PlyCount "106"]
[EventDate "2010.11.06"]
[EventType "team-swiss"]
[EventRounds "9"]
[EventCountry "ENG"]
[SourceTitle "EXT 2012"]
[Source "ChessBase"]
[SourceDate "2011.11.24"]
[SourceVersion "1"]
[SourceVersionDate "2011.11.24"]
[SourceQuality "1"]
[WhiteTeam "Warwicks Select II"]
[BlackTeam "Celtic Tigers"]
[WhiteTeamCountry "ENG"]
[BlackTeamCountry "ENG"]

1. Nf3 Nf6 2. c4 g6 3. b4 Bg7 4. Bb2 0-0 5. g3 d6 6. Bg2 e5 7. d3 a5 8. a3 h6 9. 0-0 axb4 10. axb4 Rxa1 11. Bxa1 Na6 12. b5 Nc5 13. Nbd2 Be6 14. Nb3 Nfd7 15. Nxc5 Nxc5 16. Nd2 d5 17. Nb3 Qd6 18. Nxc5 Qxc5 19. cxd5 Bxd5 20. Bxd5 Qxd5 21. Qa4 b6 22. Rb1 Ra8 23. Qc4 Qxc4 24. dxc4 Ra4 25. Rc1 e4 26. Bxg7 Kxg7 27. c5 Rb4 28. cxb6 cxb6 29. Rc6 Rxb5 30. g4 Rb2 31. e3 b5 32. h4 b4 33. g5 hxg5 34. hxg5 b3 35. Rb6 Rb1+ 36. Kg2 b2 37. Rb8 Kh7 38. Kh2 Kg7 39. Kg2 f5 40. gxf6+ Kxf6 41. Rb5 Ke6 42. Kh2 Kd6 43. Kg2 Kc6 44. Rb8 Kc5 45. Rc8+ Kd5 46. Rb8 Kc4 47. Rc8+ Kd3 48. Rd8+ Ke2 49. Rb8 g5 50. Rb7 g4 51. Rb3 Kd2 52. Kh2 Kc2 53. Rb8 Rc1 0-1